| 000 | 00760nam a22001577a 4500 | ||
|---|---|---|---|
| 003 | OSt | ||
| 005 | 20151024091412.0 | ||
| 008 | 151024b xxu||||| |||| 00| 0 eng d | ||
| 040 | _cRUA | ||
| 082 | _aAVM HEN 2012 B0101 Or.1 | ||
| 100 |
_92720 _aHENG MAKARA |
||
| 245 | _aEffect of levamisole and pyrantel on toxocara vitulorum in local calf at dunkeo city, takeo province, (ប្រសីទ្ធភាពនៃ Levamisole និង pyrantel ទៅលើការទម្លាក់ Toxocara vitulorum ក្នុងកូនគោពូជក្នុងស្រុក នៅក្នុងក្រុងដូនកែវ ខេត្តតាកែវ) | ||
| 260 |
_aphnom penh _brua _c2012 |
||
| 300 |
_axi, 57p. _bill. _c29cm. |
||
| 942 |
_2ddc _cAVM |
||
| 999 |
_c2545 _d2545 |
||